| 000 | 01417cam a22003254a 4500 | ||
|---|---|---|---|
| 001 | 13902984 | ||
| 005 | 20060728190740.0 | ||
| 008 | 050317s2006 flua b 001 0 eng | ||
| 010 | _a2005043727 | ||
| 020 | _a9780824725228 (alk. paper) | ||
| 020 | _a0824725220 (alk. paper) | ||
| 040 |
_aDLC _cDLC _dDLC |
||
| 042 | _apcc | ||
| 050 | 0 | 0 |
_aTS156.8 _b.K65 2006 |
| 082 | 0 | 0 |
_a660.281 _222 _bKOR |
| 100 | 1 |
_aKorovessi, Ekaterini. _96075 |
|
| 245 | 1 | 0 |
_aBatch Processes / _cEkaterini Korovessi, Andreas A. Linninger. |
| 260 |
_aBoca Raton, FL : _bCRC/Taylor & Francis, _cc2006. |
||
| 300 |
_a543 p. : _bill. ; _c24 cm. |
||
| 440 | 0 |
_aChemical industries ; _vv. 106 _96076 |
|
| 504 | _aIncludes bibliographical references and index. | ||
| 650 | 0 |
_aProcess control _xData processing. _96077 |
|
| 650 | 0 |
_aChemical process control _xData processing. _96078 |
|
| 700 | 1 |
_aLinninger, Andreas A. _96079 |
|
| 856 | 4 | 1 |
_3Table of contents only _uhttp://www.loc.gov/catdir/toc/fy0601/2005043727.html |
| 856 | 4 | 2 |
_3Publisher description _uhttp://www.loc.gov/catdir/enhancements/fy0648/2005043727-d.html |
| 942 |
_2ddc _cBB |
||
| 999 |
_c11806 _d11806 |
||